Econometric models of the euro-area central banks

Salvato in:
Dettagli Bibliografici
Altri autori: Fagan, Gabriel, Morgan, Julian
Natura: Libro
Lingua:inglese
Pubblicazione: Cheltenham Edward Elgar 2005
Soggetti:
Tags: Aggiungi Tag
Nessun Tag, puoi essere il primo ad aggiungerne!!

MARC

LEADER 00000nam$a2200000$$$4500
001 0041535
005 20240104133948.1
020 |a 1-84542-486-7 
041 0 |a eng 
044 |a GB 
245 1 0 |a Econometric models of the euro-area central banks  |c edited by Gabriel Fagan and Julian Morgan 
264 1 |a Cheltenham  |b Edward Elgar  |c 2005 
300 |a xiii, 324 s. 
610 2 0 |a banky centrálne 
610 2 0 |a bankovníctvo 
610 2 0 |a Európska únia 
610 2 0 |a modely ekonometrické 
610 2 0 |a modely makroekonomické 
610 2 0 |a Európska centrálna banka 
700 1 |a Fagan, Gabriel 
700 1 |a Morgan, Julian